Statistics for Guess The Country By Funny Hint #2

Click here to take the quiz!

General Stats

  • This quiz has been taken 43 times
  • The average score is 13 of 20

Answer Stats

HintAnswer% Correct
Another stan country that begins with "Pak-". GAAAAAAAAAAAAA!Pakistan
89%
You guessed it. ANOTHER STAN COUNTRY! This time it begins with "Afghan-".Afghanistan
87%
This country is not filled with ice. But the country's neighbor, Greenland, is definitely filled with ice.Iceland
87%
Another stan country! This time it begins with "Tajik-".Tajikistan
87%
Flip the country's flag, and you got Indonesia (IM NOT INDONESIA).Poland
84%
A stan country that begins with "Turk-".Turkmenistan
82%
DON'T LOOK UP THE LEADER OF THIS COUNTRY DURING WW2!!!🤨🎨🙋🏻‍♂️🖌Germany
74%
neutral alps boi (bigger brother)Switzerland
74%
Not the bear riding dude invading a European country! Wait a minute, what country does he rule? (reference to #1's second question)Russia
71%
RED SUN IN THE SKY! Where is this beautiful communist song from?China
68%
This country stole almost all of Bosnia's coastline. Bosnia just wanted beaches😭.Croatia
61%
The north is Turkish supported and an unrecognized country, and south is the actual country with Greek influence. Well thats a way to cause "just a little" tension.Cyprus
58%
Lake Titicaca🤨. Where can you find it? (also INCA COLAAAAAAA)Peru
58%
The currency is called the DONG🤨.Vietnam
58%
BORAT!Kazakhstan
50%
the above country's smaller brotherLiechtenstein
50%
Alexander the Great was Greek. HE IS NOT FROM...North Macedonia
50%
LAZER KIWI!New Zealand
47%
Highest average altitude in Europe. Now that's a lot of mountains!Andorra
45%
THE COUNTRY IS NOT 🇵🇸 (according to western world)!Israel
32%

Score Distribution

Percentile by Number Answered

Percent of People with Each Score

Your Score History

You have not taken this quiz